[Event "Montreal Ligue elite du dimanche S9"]
[Site "Montreal"]
[Date "2018.11.18"]
[Round "4"]
[White "Morin Pare, Victor"]
[Black "Latorre, Vincent"]
[Result "1-0"]
[WhiteElo "1878"]
[BlackElo "1719"]
[PlyCount "53"]
[EventDate "2018.09.23"]
[EventType "swiss"]
[EventRounds "5"]
[EventCountry "CAN"]
[SourceTitle "EXT 2022"]
[Source "ChessBase"]
[SourceDate "2021.10.06"]
[SourceVersion "1"]
[SourceVersionDate "2021.10.06"]
[SourceQuality "1"]
[WhiteTeam "Chess Homies"]
[BlackTeam "KingKongFou"]
[WhiteTeamCountry "CAN"]
[BlackTeamCountry "CAN"]

1. d4 Nf6 2. Bf4 g6 3. Nc3 d5 4. e3 c5 5. Nf3 Bg7 6. Ne5 0-0 7. h4 Nc6 8. h5 Nxh5 9. Rxh5 gxh5 10. Qxh5 f5 11. 0-0-0 cxd4 12. exd4 e6 13. Bd3 Qe8 14. Qh2 Nxe5 15. dxe5 Bd7 16. g4 Rc8 17. gxf5 exf5 18. Rg1 Be6 19. Bh6 Rf7 20. Nb5 Rd8 21. Qg2 Qf8 22. Nd4 Re8 23. Bxf5 Bxf5 24. Nxf5 Ree7 25. Nxe7+ Qxe7 26. e6 Kh8 27. Kd1 1-0

[Event "Montreal Ligue elite du dimanche S9"]
[Site "Montreal"]
[Date "2018.09.23"]
[Round "1"]
[White "Morin Pare, Victor"]
[Black "Morin, Louis"]
[Result "1-0"]
[WhiteElo "1878"]
[BlackElo "1923"]
[PlyCount "61"]
[EventDate "2018.09.23"]
[EventType "swiss"]
[EventRounds "5"]
[EventCountry "CAN"]
[SourceTitle "EXT 2022"]
[Source "ChessBase"]
[SourceDate "2021.10.06"]
[SourceVersion "1"]
[SourceVersionDate "2021.10.06"]
[SourceQuality "1"]
[WhiteTeam "Chess Homies"]
[BlackTeam "Shredders"]
[WhiteTeamCountry "CAN"]
[BlackTeamCountry "CAN"]

1. Nf3 d5 2. d4 Nf6 3. Bf4 e6 4. e3 Bd6 5. Bg3 0-0 6. Nbd2 b6 7. Bd3 Bb7 8. c3 Nbd7 9. Qc2 Qe7 10. Ne5 Rfc8 11. 0-0 c5 12. Ndf3 Bxe5 13. Nxe5 cxd4 14. exd4 Nf8 15. Bh4 Ng6 16. Bg5 Qe8 17. Bxf6 gxf6 18. Ng4 Qd8 19. Rae1 f5 20. Bxf5 exf5 21. Qxf5 Kg7 22. Re3 Rc7 23. Rh3 Bc8 24. Qh5 Bxg4 25. Qxg4 Qd7 26. Qg5 Rh8 27. f4 h6 28. Qh5 f5 29. Re1 Qf7 30. Rg3 Kf6 31. Rxg6+ 1-0

[Event "Quebec-ch B U20 Pepsico"]
[Site "Montreal"]
[Date "2012.02.12"]
[Round "5"]
[White "Subotyak, Ivan"]
[Black "Morin Pare, Victor"]
[Result "0-1"]
[WhiteElo "1354"]
[BlackElo "1295"]
[PlyCount "103"]
[EventDate "2012.02.10"]
[EventType "swiss"]
[EventRounds "5"]
[EventCountry "CAN"]
[SourceTitle "EXT 2022"]
[Source "ChessBase"]
[SourceDate "2021.10.06"]
[SourceVersion "1"]
[SourceVersionDate "2021.10.06"]
[SourceQuality "1"]

1. d4 Nf6 2. c4 g6 3. Nc3 Bg7 4. Nf3 0-0 5. e4 d6 6. Be2 e5 7. dxe5 dxe5 8. Qxd8 Rxd8 9. Nxe5 Nxe4 10. Nxe4 Bxe5 11. Bg5 Rd4 12. f3 Be6 13. b3 Rxe4 14. fxe4 Bxa1 15. 0-0 Bd4+ 16. Kh1 Nc6 17. Rd1 Bg7 18. Bf4 Nd4 19. Bf3 Nxf3 20. gxf3 c6 21. e5 Re8 22. Be3 Bxe5 23. Bxa7 Ra8 24. Be3 Rxa2 25. Rd8+ Kg7 26. f4 Bf6 27. Bd4 Bxd4 28. Rxd4 Bh3 29. Kg1 Rg2+ 30. Kh1 Rf2 31. Rd1 Rf1+ 32. Rxf1 Bxf1 33. c5 Kf6 34. Kg1 Bd3 35. Kf2 Ke6 36. Ke3 Bc2 37. b4 Kd5 38. Kd2 Kc4 39. Kxc2 Kxb4 40. Kd3 Kxc5 41. h4 Kd5 42. Ke3 b5 43. Kd3 b4 44. h5 c5 45. hxg6 hxg6 46. f5 c4+ 47. Kc2 Kd4 48. fxg6 fxg6 49. Kd2 c3+ 50. Kd1 Kd3 51. Kc1 c2 52. Kb2 0-1

[Event "Quebec-ch B U20 Pepsico"]
[Site "Montreal"]
[Date "2012.02.10"]
[Round "1"]
[White "Morin Pare, Victor"]
[Black "Tinica, Sabina"]
[Result "1-0"]
[WhiteElo "1295"]
[BlackElo "961"]
[PlyCount "69"]
[EventDate "2012.02.10"]
[EventType "swiss"]
[EventRounds "5"]
[EventCountry "CAN"]
[SourceTitle "EXT 2022"]
[Source "ChessBase"]
[SourceDate "2021.10.06"]
[SourceVersion "1"]
[SourceVersionDate "2021.10.06"]
[SourceQuality "1"]

1. e4 c5 2. Nf3 d6 3. d4 cxd4 4. Nxd4 Nf6 5. Nc3 g6 6. Be3 Bg7 7. f3 0-0 8. Qd2 Nbd7 9. 0-0-0 a6 10. Bh6 b5 11. Nc6 Qe8 12. Bxg7 Kxg7 13. Nd5 Nxd5 14. exd5 Nf6 15. Re1 e5 16. f4 e4 17. Qd4 Bf5 18. h3 e3 19. Rxe3 Qc8 20. g4 Bd7 21. g5 Bxc6 22. gxf6+ Kg8 23. dxc6 Qxc6 24. Rg1 Rac8 25. Bd3 a5 26. f5 b4 27. Qh4 Qb6 28. Qh6 Rxc2+ 29. Bxc2 Qxe3+ 30. Qxe3 Kh8 31. Qh6 Rg8 32. fxg6 fxg6 33. Rxg6 Rxg6 34. Bxg6 Kg8 35. Qg7# 1-0

[Event "Quebec-ch U14"]
[Site "Montreal"]
[Date "2009.11.28"]
[Round "2"]
[White "Morin Pare, Victor"]
[Black "Poterlot, Charles"]
[Result "1-0"]
[WhiteElo "1265"]
[BlackElo "1026"]
[PlyCount "75"]
[EventDate "2009.11.27"]
[EventType "swiss"]
[EventRounds "5"]
[EventCountry "CAN"]
[SourceTitle "EXT 2011"]
[Source "ChessBase"]
[SourceDate "2010.11.26"]
[SourceVersion "1"]
[SourceVersionDate "2010.11.26"]
[SourceQuality "1"]

1. e4 e5 2. Nf3 Nf6 3. Nc3 d6 4. d4 Nc6 5. h3 d5 6. Bg5 Bb4 7. exd5 exd4 8. Nxd4 Qe7+ 9. Be2 0-0 10. dxc6 Bxc3+ 11. bxc3 bxc6 12. Nxc6 Qd7 13. Qxd7 Bxd7 14. Ne5 Rfe8 15. Bxf6 gxf6 16. Nxd7 Re6 17. Rb1 Rae8 18. Kf1 Rxe2 19. Nxf6+ Kf8 20. Nxe8 Kxe8 21. Re1 Re6 22. Rxe6+ fxe6 23. g4 h6 24. Kg2 Kd7 25. Re1 c5 26. Re5 Kd6 27. f4 a6 28. g5 hxg5 29. Rxg5 c4 30. h4 a5 31. a4 Ke7 32. h5 Kf8 33. h6 e5 34. fxe5 Kf7 35. h7 Ke6 36. h8Q Kd5 37. Qd8+ Kc5 38. Qd6# 1-0